| 000 | 00667nam a2200181Ia 4500 | ||
|---|---|---|---|
| 008 | 170419s9999 xx 000 0 und d | ||
| 100 | _aChiappe, Dan. | ||
| 245 | _aEvaluating probe techniques and a situated theory of situation awareness | ||
| 245 | _cDan Chiappe, Corey A. Morgan, Joshua Kraut, Jason Ziccardi, Lindsay Sturre, Thomas Z. Strybel, and Kim-Phoung L. Vu | ||
| 260 | _bAmerican Psychological Association | ||
| 260 | _c2016 | ||
| 300 | _aDecember 2016 | ||
| 440 |
_aJournal of Experimental Psychology: Applied _v22:4 |
||
| 650 | _aPROBE TECHNIQUES | ||
| 650 | _aSITUATED COGNITION | ||
| 650 | _aSITUATION AWARENESS | ||
| 650 | _aTASK INTERRUPTION | ||
| 999 |
_c329539 _d329539 |
||